00450 2200169 4500001002100000008004100021035002000062245005800082100004100140250000600181260003300187300001200220084001400232082000800246650001400254990001200268INLIS000000000000810 ind  a0010-0524000045 aKamus Basa JawacTIM Penyusun Balai Bahasa Yogyakarta aTIM Penyusun Balai Bahasa Yogyakarta a1 aYogyakarta :bKanisiusc2000 a885 hlm a419 TIM k a419 aReferensi a0740658